| 000 | 00870nam a22002417a 4500 | ||
|---|---|---|---|
| 999 |
_c6824 _d6824 |
||
| 003 | AR-CdUCM | ||
| 008 | 190319b ||||| |||| 00| 0 spa d | ||
| 020 | _a84-378-2133-9 | ||
| 040 |
_aMUNICIPALIDAD PROVINCIAL DEL CUSCO _cBIBLIOTECA MUNICIPAL DEL CUSCO |
||
| 082 |
_a985.2 / _bT67 |
||
| 110 |
_aTierra Firme Ediciones _919229 |
||
| 245 | _aTodo Lima / | ||
| 260 |
_aLima : _bEscudo de Oro, _c1999. |
||
| 300 |
_a95 páginas ; _bilustraciones, mapas, fotografías, _c24 cm. |
||
| 440 |
_atodo Lima. _n3 _919230 |
||
| 500 | _aejemplar 2 texto en ingles. | ||
| 505 | _aContenido: El departamento de Lima -- Fundación de Lima -- Plaza mayor o plaza de Armas -- Arquitectura Religiosa -- Casonas y construcciones coloniales y republicanas .... | ||
| 650 |
_aHistoria _9136 |
||
| 650 |
_aLima _9231 |
||
| 650 |
_aTurismo _94560 |
||
| 942 |
_2ddc _cLIBROS |
||
| 945 | _aachl | ||